000 00588nam a2200229Ia 4500
003 OSt
005 20230518163654.0
008 210423s2013 xx 000 0 und d
020 _a978-0-19-567875-8
040 _cAL
041 _aeng
082 _a302.13
_223
_bSENR
100 _aSEN (Amartya)
_9109073
245 _aRationality and freedom
260 _aNew Delhi
_bOxford University Press
_c2013
300 _aix,736
_bPB
365 _b595
_cINR
650 _aSocial Interaction
_9109074
650 _aSociology
_9109075
906 _afreedom ; Rationality
942 _2ddc
_cBK
999 _c166811
_d166811